000 00929nam a2200265 a 4500
001 000007060
003 DO-SdBNP
005 20240430192715.0
007 ta
008 090904t2018 dr r 001 0 spa d
020 _z9789945913507
040 _aDO-SdBNP
_bspa
_cBNPHU
082 _a080
_bG216e
100 _aGarcía Márquez, Lilian Natividad
_981795
245 0 0 _aLa escuela como ámbito de riesgo para adolescentes con conductas divergentes :
_btesis doctoral /
_cLilian Natividad García Márquez ; edición de Almánzar Rodríguez
260 _aSanto Domingo :
_bDuráan,
_c2018.
300 _a380 p. :
_c28 cm.
_bgraf.
590 _aInventariado,2018/DG
600 1 4 _aPINA (FAMILIA)
_xCOLECCIONES DE ESCRITOS
_919629
650 0 _aTesis y disertaciones académicas
_919630
700 1 _aPina Acevedo, Ramón,
_ecomp.
_919631
700 1 _aPrestol, Miguel Ángel,
_epról.
_96419
910 _aDG
942 _2ddc
_cLBS1
999 _c51945
_d51945